000
00307nam a2200133Ia 4500
005
20251222144636.0
008
251222s9999||||xx |||||||||||||| ||spa||
020
_a
84-7827-276-3
082
_a
372.83/B42
100
_a
Benejam, Pilar
245
0
_a
Las Ciencias Sociales:
264
_b
Graó
942
_c
LIB
999
_c
16482
_d
16482